LEADER 00752nam0-22002891i-450- 001 990002016510403321 005 20050722123441.0 035 $a000201651 035 $aFED01000201651 035 $a(Aleph)000201651FED01 035 $a000201651 100 $a20030910d1989----km-y0itay50------ea 101 0 $aita 200 1 $aIsotteri della Cina 210 $aTianze$cPress China$d1989 215 $a200 p.$d26 cm 304 $aIl solo titolo è stato tradotto 333 $aalfabeto cinese 610 0 $aIsotteri$aTermiti 676 $a595.736 801 0$aIT$bUNINA$gRICA$2UNIMARC 901 $aBK 912 $a990002016510403321 952 $a61 IV E.3/39$b1749$fDAGEN 959 $aDAGEN 996 $aIsotteri della Cina$9405691 997 $aUNINA